000 01573nam a2200337 c 4500
003 BLK
005 20180422095821.0
008 180407b bul|||||r ||||||| ||bul||
010 _aKNG00031549000
020 _a954- 8542-17-Х
_bиздат.: Аскони-Издат
040 _aBLK
041 _aBUL
_cBUL
080 _aВъзпитание. Образование. Просвета. Организация на свободното време. Вж и 003;021. 3;159. 9;612;613;727
_b37
_x.013(075.8)
_z37.013(075.8)
700 1 _aДимитров, Любен
_eсъстав.
_9366211
139 _aТеория на възпитанието
_bТ 49
245 1 0 _aТеория на възпитанието
_bУчебник за студенти по педагогика
_cсъстав. Любен Димитров.
250 _a3. изд.
257 _aBGR
260 София
_bАскони-Издат
_c2000
300 _a534 с.
_c23 см
380 _a3
500 _aДруги авт.: Жечо Атанасов, Стефан Чернев, Георги Бижков, Емилия Рангелова, Симеонка Бъчева, Атанас Попов, Гинка Димитрова, Любомир Попов, Вяра Гюрова.
650 4 _aВъзпитание - теория - учебници за ВУЗ
_9249064
653 _aвъзпитание
653 _aучебници за ВУЗ
852 _aЦб 204373
856 4 _qpdf
_u
856 4 _qpdf
_u
942 _cKNG
_n0
944 _aCR
_c15.01.2003
_kМилена_Ачева
944 _aED
_c22.03.2014
_k
999 _c28945
_d28945